Olympique Marseille Top Scorer - Statistics

General Stats
  • This quiz has been taken 25 times
  • The average score is 7 of 25
Answer Stats
Country Goals Player (Answer) % Correct
France 182 Jean-Pierre Papin
89%
Ivory Coast 32 Didier Drogba
79%
France 76 Dimitri Payet
79%
Ghana 60 Andre Ayew
68%
France 77 Andre-Pierre Gignac
58%
Senegal 100 Mamadou Niang
58%
France 86 Florian Thauvin
47%
Poland 30 Arkadiusz Milik
42%
Belgium 33 Michy Batshuayi
37%
France 38 Mathieu Valbuena
26%
France 37 Djibrill Cisse
21%
Croatia 32 Alan Boksic
16%
Brazil 31 Brandao
16%
Italy 31 Fabrizio Ravanelli
16%
Croatia 44 Josip Skoblar
16%
France 31 Valere Germain
16%
Senegal 46 Boubacar Sarr
11%
Germany 34 Klaus Allofs
11%
France 42 Loic Remy
11%
Ireland 68 Tony Cascarino
11%
France 39 Franck Sauzee
5%
Ivory Coast 34 Ibrahima Bakayoko
0%
France 53 Marc Berdoll
0%
France 38 Marc Libbra
0%
France 36 Philippe Vercruysse
0%
No matching quizzes found
Score Distribution
Percent of People with Each Score
Percentile by Number Answered
Your Score History
You have not taken this quiz